| 000 | 00683nam a22001817a 4500 | ||
|---|---|---|---|
| 003 | AM-YeHGA | ||
| 040 | _aAM-YeHGA | ||
| 090 | _c438914 | ||
| 005 | 20250617155634.0 | ||
| 008 | 190904s ||||| |||| 00| 0 rus d | ||
| 041 | 0 | _arus | |
| 245 | 0 | 0 |
_aОчерки по истории комсомола Псковской области / _cПсковский обком комсомола |
| 260 |
_aПсков : _bПсков : Газ. "Псковская правда", _c1959 |
||
| 300 |
_a127 с, _bил. |
||
| 653 | 0 | _aВЛКСМ - История - Псковская организация | |
| 710 | 2 | _aПсковский обком комсомола | |
| 942 |
_2udc _cBK |
||
| 999 |
_c436253 _d436253 |
||